MARC

LEADER 00000nas a2200000 a 4500
001 ssj0012076
003 WaSeSS
005 20200512172242.0
006 m d
007 cr n
008 010907c19729999njubr pss 0 a0eng c
010 |a  2001211866 
016 7 |a J20160000  |2 DNLM 
022 |a 1537-2537  |l 0047-2425  |y 0047-2425 
030 |a JEVQAA 
035 |a (WaSeSS)ssj0012076 
037 |b American Society of Agronomy, 5585 Guilford Road, Madison, WI 53711-5801 
040 |a IWA  |b eng  |e pn  |c IWA  |d NSD  |d OCLCQ  |d MUQ  |d OCLCQ  |d GUA  |d OCLCS  |d OCLCQ  |d TXA  |d OCLCQ  |d UMC  |d OCLCF  |d OCLCO  |d OCLCQ  |d OCLCO  |d OCLCQ  |d OCLCA  |d OCLCE  |d CCT  |d AGLDB  |d LGG  |d CSU  |d OCLCO  |d OCLCA  |d VT2  |d U3W  |d BUF  |d CUY  |d CRU  |d WYU  |d NLM  |d WaSeSS 
042 |a nsdp  |a pcc  |a dlr 
050 1 4 |a S1 
060 0 0 |a W1  |b JO644BG 
082 1 0 |a 631  |2 13 
210 0 |a J. environ. qual.  |b (Online) 
222 0 |a Journal of environmental quality  |b (Online) 
245 0 0 |a Journal of environmental quality  |h [electronic resource] :  |b JEQ. 
246 3 0 |a JEQ 
260 |a [Madison, Wis.] :  |b Published cooperatively by American Society of Agronomy, Crop Science Society of America, and Soil Science Society of America 
260 3 |3 2020- :  |a [Hoboken, NJ] :  |b Wiley 
310 |a Bimonthly 
362 1 |a Print began with v. 1, published in 1972. 
506 |a License restrictions may limit access. 
538 |a Master and use copy. Digital master created according to Benchmark for Faithful Digital Reproductions of Monographs and Serials, Version 1. Digital Library Federation, December 2002.  |u http://purl.oclc.org/DLF/benchrepro0212  |5 MiAaHDL 
583 1 |a digitized  |c 2011  |h HathiTrust Digital Library  |l committed to preserve  |2 pda  |5 MiAaHDL 
588 |a Description based on: Vol. 30, issue 1 (Jan./Feb. 2001); title from journal homepage (publisher's website, viewed June 12, 2004). 
588 |a Latest issue consulted: Vol. 42, number 6 (November/December 2013) (viewed November 13, 2013). 
650 0 |a Agricultural ecology  |v Periodicals. 
650 0 |a Environmental engineering  |v Periodicals. 
650 0 |a Pollution  |v Periodicals. 
650 6 |a Écologie agricole  |v Périodiques. 
650 6 |a Environnement, Technique de l'  |v Périodiques. 
650 6 |a Pollution  |v Périodiques. 
650 7 |a Agricultural ecology.  |2 fast  |0 (OCoLC)fst00800685 
650 7 |a Environmental engineering.  |2 fast  |0 (OCoLC)fst00912934 
650 7 |a Pollution.  |2 fast  |0 (OCoLC)fst01070069 
650 2 |a Environmental Pollution  |v Periodicals. 
655 0 |a Electronic journals. 
710 2 |a American Society of Agronomy. 
710 2 |a Crop Science Society of America. 
710 2 |a Soil Science Society of America. 
776 0 8 |i Print version, 1972-2012:  |t Journal of environmental quality  |x 0047-2425  |w (DLC) 77615536  |w (OCoLC)1800003 
856 4 0 |z Full text available from Research Library: 01/01/1997 to 01/31/2015  |u https://search.proquest.com/publication/32284